|
|
|
|
| LEADER |
00000nam0a2200000 4500 |
| 001 |
318069 |
| 005 |
20231102003035.0 |
| 035 |
|
|
|a (RuTPU)RU\TPU\book\343550
|
| 090 |
|
|
|a 318069
|
| 100 |
|
|
|a 20160420d1940 km y0rusy50 ca
|
| 101 |
0 |
|
|a rus
|
| 102 |
|
|
|a RU
|
| 105 |
|
|
|a y z 100zy
|
| 200 |
1 |
|
|a Проблема поисков нефти в центральных районах Союза СССР
|e Итоги нефтяного геолого-разведочного совещания при Московском геолого-разведочном тресте Наркомнефти от 26-28 января 1940 г.
|f под ред. В. М. Сенюкова, Н. Н. Тихоновича, Н. Ю. Успенской
|
| 210 |
|
|
|a Москва
|a Ленинград
|c Государственное научно-техническое издательство нефтяной и горно-топливной литературы
|d 1940
|
| 215 |
|
|
|a 66 с.
|
| 606 |
1 |
|
|a Нефтяные месторождения
|x Поиски и разведка
|2 stltpush
|3 (RuTPU)RU\TPU\subj\45959
|9 65148
|
| 610 |
1 |
|
|a СССР
|
| 610 |
1 |
|
|a Центр РСФСР
|
| 610 |
1 |
|
|a геофизические исследования
|
| 610 |
1 |
|
|a Подмосковная котловина
|
| 610 |
1 |
|
|a сверхглубокое бурение
|
| 610 |
1 |
|
|a сверхглубокие скважины
|
| 610 |
1 |
|
|a сейсмические работы
|
| 610 |
1 |
|
|a совещания
|
| 675 |
|
|
|a 553.982:550.8
|v 4
|
| 702 |
|
1 |
|a Сенюков
|b В. М.
|4 340
|
| 702 |
|
1 |
|a Тихонович
|b Н. Н.
|4 340
|
| 702 |
|
1 |
|a Успенская
|b Н. Ю.
|4 340
|
| 712 |
0 |
2 |
|a Проблема поисков нефти в центральных районах Союза СССР
|c совещания
|e Москва
|f 1940
|4 570
|
| 801 |
|
1 |
|a RU
|b 63413507
|c 20160420
|
| 801 |
|
2 |
|a RU
|b 63413507
|c 20191211
|g RCR
|
| 942 |
|
|
|c BK
|